Wireless quality of service (Record no. 652)

MARC details
000 -LEADER
fixed length control field 00496 a2200181 4500
001 - CONTROL NUMBER
control field 066612
003 - CONTROL NUMBER IDENTIFIER
control field OSt
005 - DATE AND TIME OF LATEST TRANSACTION
control field 20211004152617.0
008 - FIXED-LENGTH DATA ELEMENTS--GENERAL INFORMATION
fixed length control field
082 ## - DEWEY DECIMAL CLASSIFICATION NUMBER
Classification number 621.384
Item number W74W
245 1# - TITLE STATEMENT
Title Wireless quality of service
Statement of responsibility, etc edited by M.K. Denko and Y. Zhang
260 ## - PUBLICATION, DISTRIBUTION, ETC. (IMPRINT)
Place of publication, distribution, etc New York
Name of publisher, distributor, etc CRC Press
Date of publication, distribution, etc 2009
300 ## - PHYSICAL DESCRIPTION
Extent 356p.
690 ## - LOCAL SUBJECT ADDED ENTRY--TOPICAL TERM (OCLC, RLIN)
Topical term or geographic name as entry element Wireless communication systems--Quality control
700 ## - ADDED ENTRY--PERSONAL NAME
Personal name Denko, M.K.
Relator term Editor
700 ## - ADDED ENTRY--PERSONAL NAME
Personal name Zhang, Y., ed.
942 ## - ADDED ENTRY ELEMENTS (KOHA)
Source of classification or shelving scheme Dewey Decimal Classification
Koha item type Books
Holdings
Withdrawn status Lost status Source of classification or shelving scheme Damaged status Not for loan Collection code Home library Current library Date acquired Source of acquisition Cost, normal purchase price Full call number Barcode Date last seen Price effective from Koha item type
    Dewey Decimal Classification     General Text Book Central University Of Rajasthan Central University Of Rajasthan 07/03/2012 CSC 3922.00 621.384 W74W 898 21/11/2024 02/09/2020 Books